Statistics for Countries with the Same First Letter with Hints

Click here to take the quiz!

General Stats

  • This quiz has been taken 29 times
  • The average score is 11 of 14

Answer Stats

HintLetterAnswer% Correct
Has the most land are in North America.CCanada
100%
Is the second biggest country in the world by population.CChina
100%
Has 50 states.UUnited States
100%
Is a small country in Europe that borders France.AAndorra
96%
Is the biggest country by population in the world.IIndia
89%
The first ever FIFA World Cup was held in this country.UUruguay
89%
Borders a country in Oceania, yet it is still in Asia.IIndonesia
81%
The car company Hyundai is based in this country.SSouth Korea
78%
Is the third richest country in the middle east.KKuwait
74%
Has the 4th longest coastline in Africa.MMozambique
70%
Has the highest cancer rate in the world.
A
Australia
67%
Human tools have been found in this country dating back to around 3.3 million BC.KKenya
63%
Is the 10th poorest country in the world.MMadagascar
56%
Its capital city is HoniaraSSolomon Islands
48%

Score Distribution

Percentile by Number Answered

Percent of People with Each Score

Your Score History

You have not taken this quiz